|
|
|
|
| LEADER |
00000nab a2200000 a 4500 |
| 001 |
vtls008996439 |
| 003 |
SK-MaSNL |
| 005 |
20260303065743.0 |
| 008 |
070606 2007 xo w n 000 0 slo |
| 015 |
|
|
|a SLLK2007
|2 sllk
|
| 038 |
|
|
|a SLLK
|
| 040 |
|
|
|a SLLK
|b slo
|c sllk
|e AACR2
|
| 041 |
0 |
|
|a slo
|
| 044 |
|
|
|a xo
|c SK
|
| 080 |
|
|
|a 371.383(4)
|2 1997
|
| 245 |
0 |
0 |
|a Európa v škole: opäť úspešne
|c [autor] (mv)
|
| 600 |
1 |
7 |
|a Kollár, Adam
|d 1998-
|2 snkbucl
|9 312840
|
| 600 |
1 |
7 |
|a Kollárová, Dominika
|2 snkbucl
|9 1047404
|
| 600 |
1 |
7 |
|a Grešová, Veronika
|2 snkbucl
|9 1034369
|
| 600 |
1 |
7 |
|a Grešová, Dominika
|2 snkbucl
|9 1062089
|
| 600 |
1 |
7 |
|a Budzáková, Mária,
|d 1992-
|2 snkbucl
|9 1023633
|
| 600 |
1 |
7 |
|a Vranovský, Martin,
|d 1992-
|2 snkbucl
|9 73260
|
| 600 |
1 |
7 |
|a Mackovčin, Marek
|2 snkbucl
|9 1066237
|
| 611 |
2 |
7 |
|a Európa v škole
|n (54. :
|d 2006/2007 :
|c Slovensko)
|2 snkbucl
|9 1066238
|
| 648 |
|
7 |
|a 2007
|2 snkbucl
|9 313226
|
| 650 |
0 |
7 |
|a žiacke súťaže
|2 snkbucl
|9 1032048
|
| 651 |
|
7 |
|a Stará Ľubovňa (Slovensko)
|2 snkbucl
|9 19193
|
| 773 |
0 |
|
|t Ľubovnianske noviny
|g Roč. XXXIII, č. 21 (2007), s. 5
|
| 852 |
|
|
|a SLLK
|b KIS3GCP
|
| 999 |
|
|
|c 1752533
|d 1754463
|